000 00209 a2200097 4500
001 9644
100 _aCommins, S
245 _aThe Philosophers of Science
260 _a
_bRandom House
_c
090 _c7679
_d7679
942 _aNUST-CAE
_cM
_c34354
999 _c244717
_d244717